zpět

Detail výsledku týmu

Písecká pivnice ÚT, Písek

Datum a čas kvízu

31.5 Celkem bodů Celkový počet nahraných bodů na tomto kvízu bez doplňovacích otázek.
6. Pořadí na kvízu Konečné umístění týmu na tomto kvízu.

Zaznamenané odpovědi

# Otázka Odpověď Body Výsledky
1. Které novinářské ocenění si v... Cenu Ferdinanda Peroutky 1
2. Jeden americký stát zasáhla vl... Florida 0
3. Jak se jmenuje festival zaměře... D) P*fest 1
4. Která fiktivní postava z fanta... B) Draco Malfoy 1
5. V pátek byly zahájeny zimní ol... David Pastrňák; Lucie Charvátová 1
6. 17. února 1600 byl na Campo de... Giordano Bruno 0
7. 8. února 1700 se narodil Danie... A) proudění tekutin 0
8. Za kulatý letopočet budeme dne... Burgtheater 1
9. 16. listopadu 1900 se v Olomou... Eliška Junková 0
10. Od 15. září do 1. října 2000 s... Štěpánka Hilgertová; Sydney 0